000 00680nam a2200205Ia 4500
003 GCL
008 140319s9999 xx 000 0 ara d
020 _a4162303977
040 _aGCL /
_cGCL
082 0 4 _a811.06
_bح ا
100 1 _aحامد طاهر
245 1 0 _aالادب الاسلامى :
_bآفاق ونماذج /
_cحامد طاهر
260 _aالقاهرة :
_bدار قباء للطباعة والنشر والتوزيع ،
_c2000
300 _a154 ص ؛
_c22 سم
650 0 4 _aالشعر الدينى
650 0 4 _aالشعر الصوفى
650 0 4 _aالقصائد الدينية
650 0 4 _aالادب الدينى - الشعر
942 _2ddc
_cBK
999 _c43438
_d43438